| 000 | 00480nam a22001817a 4500 | ||
|---|---|---|---|
| 005 | 20220803092433.0 | ||
| 008 | 220802b ||||| |||| 00| 0 eng d | ||
| 040 | _cAL | ||
| 041 | _aEnglish | ||
| 082 |
_223 _a291 _bIYES |
||
| 100 |
_aMasti Venkatesa Iyengar _954496 |
||
| 245 | _aSayings of Basavanna | ||
| 260 |
_aBangalore _bBasava Samiti _c1983 |
||
| 300 |
_a74 p. _bPB _c21x13 cm. |
||
| 650 |
_aBasavanna _954497 |
||
| 700 |
_aIYENGAR (Venkatesa) _954498 |
||
| 942 |
_2ddc _cGF |
||
| 999 |
_c224388 _d224388 |
||